000
00202nam a22000977a 4500
999
_c
64987
_d
64984
082
_a
297.1221ص د ی
100
_a
صدیقی
245
_a
تاریخ بیت اللہ
300
_a
۲۱۲
942
_c
BK